| 000 | 00379nam a2200145Ia 4500 | ||
|---|---|---|---|
| 008 | 150201s1994 xx 000 0 und d | ||
| 082 |
_a617.601 _bC1994J |
||
| 100 | _aJONG,ANTHONY | ||
| 245 | _aCOMMUNITY DENTISTRY | ||
| 250 | _a3RD | ||
| 260 |
_bVARGHESE PUBLICATION _aDADAR (MUMBAI) _c1994 |
||
| 300 | _a1-345 | ||
| 650 | _aPREVENTIVE AND COMMUNITY DENTISTRY | ||
| 942 |
_2ddc _cBK |
||
| 999 |
_c3866 _d3866 |
||